Ιστορία του ελληνικού έθνους : από των αρχαιοτάτων χρόνων μέχρι καθ' ημάς

Αποθηκεύτηκε σε:
Λεπτομέρειες βιβλιογραφικής εγγραφής
Κύριος συγγραφέας: Παπαρρηγόπουλος, Κωνσταντίνος Δ., 1815-1891
Μορφή: Βιβλίο
Γλώσσα:Greek
Δημοσίευση: Αθήνα : Ελληνικά γράμματα, 1886.
Θέματα:
Ετικέτες: Προσθήκη ετικέτας
Δεν υπάρχουν, Καταχωρήστε ετικέτα πρώτοι!

MARC

LEADER 00000cam a2200000 i 4500
001 1/104806
008 950606s1886 gr | ||| |||| ||gre||
035 |l 10013405 
040 |a GR-MY-UA  |b gre  |e aacr 
041 0 |a gre 
082 7 |a 938   |2 (22) 
100 1 |a Παπαρρηγόπουλος, Κωνσταντίνος Δ.,   |d 1815-1891. 
245 1 0 |a Ιστορία του ελληνικού έθνους :   |b από των αρχαιοτάτων χρόνων μέχρι καθ' ημάς /   |c Κ. Παπαρρηγόπουλος ; εκδίδοται υπό Ανέστη Κωνσταντινίδου.  
260 |a Αθήνα :   |b Ελληνικά γράμματα,   |c 1886.  
300 |a 5 τ. :   |b εικ. ;   |c 21 εκ.  
504 |a Περιλαμβάνει βιβλιογραφικές παραπομπές.  
651 0 |a Greece  |x History. 
852 |a INST  |b LESVOS  |e 19950606  |h 938 ΠΑΠ  |p 005100000193  |q 005100000193  |t BK  |y 0  |z τ.1 
852 |a INST  |b LESVOS  |e 19950606  |h 938 ΠΑΠ  |p 005100000194  |q 005100000194  |t BK  |y 0  |z τ.2 
852 |a INST  |b LESVOS  |e 19950606  |h 938 ΠΑΠ  |p 005100000195  |q 005100000195  |t BK  |y 0  |z τ.3 
852 |a INST  |b LESVOS  |e 19950606  |h 938 ΠΑΠ  |p 005100000196  |q 005100000196  |t BK  |y 0  |z τ.4 
852 |a INST  |b LESVOS  |e 19950606  |h 938 ΠΑΠ  |p 005100000197  |q 005100000197  |t BK  |y 0  |z τ.5 
852 |a INST  |b LESVOS  |e 19950606  |h 938 ΠΑΠ  |p 005100000193  |q 005100000193  |t BK  |v τ.1:  |y 0  |z τ.1 
852 |a INST  |b LESVOS  |e 19950606  |h 938 ΠΑΠ  |p 005100000194  |q 005100000194  |t BK  |v τ.2:  |y 0  |z τ.2 
852 |a INST  |b LESVOS  |e 19950606  |h 938 ΠΑΠ  |p 005100000195  |q 005100000195  |t BK  |v τ.3:  |y 0  |z τ.3 
852 |a INST  |b LESVOS  |e 19950606  |h 938 ΠΑΠ  |p 005100000196  |q 005100000196  |t BK  |v τ.4:  |y 0  |z τ.4 
852 |a INST  |b LESVOS  |e 19950606  |h 938 ΠΑΠ  |p 005100000197  |q 005100000197  |t BK  |v τ.5:  |y 0  |z τ.5 
853 |a INST  |b LESVOS  |h 938 ΠΑΠ 
909 |a Λ  |b 038158 
909 |a Λ  |b 038159 
909 |a Λ  |b 038160 
909 |a Λ  |b 038161 
909 |a Λ  |b 038162 
922 |a 1ΕΛΗ  |b 199412  |c ΤΚΑ 
970 |z 1995/06